Statistiques concernant 100 Albums Français

Cliquez ici pour prendre le quiz!

Statistiques générales

  • Ce quiz a été pris 345 fois
  • Le résultat moyen est 35 sur 100

Statistiques - réponses

AlbumsArtistes% Correct
Qui de nous deuxMatthieu Chédid
97%
Laisse bétonRenaud
83%
L'Aigle noirBarbara
77%
BabacarFrance Gall
75%
Les Mots bleusChristophe
73%
Je reviens à toiMarc Lavoine
71%
Sur la route de MemphisEddy Mitchell
69%
La Femme chocolatOlivia Ruiz
68%
Les MarquisesJacques Brel
67%
Racine carréeStromae
67%
CaravaneRaphaël
65%
Sauver l’amourDaniel Balavoine
64%
BrolAngèle
63%
Rock 'n' Roll AttitudeJohnny Hallyday
63%
L'Homme à tête de chouSerge Gainsbourg
63%
REDM. Pokora
62%
Osez JoséphineAlain Bashung
61%
Je voleMichel sardou
61%
NougayorkClaude Nougaro
60%
Non homologuéJean-Jacques Goldman
60%
L’École du micro d’argentIAM
58%
Crache ton veninTéléphone
57%
Love Me, Please Love MeMichel Polnareff
55%
Quelqu'un m'a ditCarla bruni
54%
Châtelet Les HallesFlorent Pagny
54%
D'euxCéline Dion
53%
Samedi soir sur la TerreFrancis Cabrel
51%
C'est déjà çaAlain Souchon
49%
Mademoiselle chante...Patricia Kaas
49%
Caché derrièreLaurent Voulzy
48%
AnamorphoséeMylène Farmer
47%
Toujours moiAxelle Red
46%
Volume 11 : FernandeGeorges Brassens
46%
ParadizeIndochine
46%
Paris sous les bombesSuprême NTM
46%
Entre deuxPatrick Bruel
44%
Le Chant des sirènesOrelsan
43%
Made in LoveZazie
43%
Variation sur le même t'aimeVanessa Paradis
40%
Le Fabuleux Destin d’Amélie PoulainYann Tiersen
40%
Première ConsultationDoc Gynéco
38%
AmoureuseVéronique Sanson
38%
Les Feux d'artificeCalogero
37%
Tu vas pas mourir de rire...Mickey 3D
37%
Les Fleurs du bienPascal Obispo
37%
666.667 ClubNoir Désir
36%
La Vraie VieBigflo et Oli
34%
BichonJulien Doré
34%
OxygèneJean-Michel Jarre
33%
Ceinture noireMaître Gims
32%
DiscoveryDaft Punk
31%
Prose CombatMC Solaar
31%
La SuperbeBenjamin Biolay
29%
Moon SafariAir
28%
Amour anarchieLéo Ferré
28%
Chansons possibles et impossiblesBoris Vian
27%
The No ComprendoLes Rita Mitsouko
26%
PureLara fabian
25%
Et si je m’en vais avant toiFrançoise Hardy
24%
Baby Alone in BabyloneJane Birkin
24%
Comme un accordJean-Louis Aubert
23%
Chambre avec vueHenri Salvador
22%
Double EnfanceJulien Clerc
22%
... Dans un vieux rock'n'rollWilliam Sheller
22%
Paris ailleursEtienne Daho
20%
Midi 20Grand Corps Malade
20%
PatchankaMano Negra
20%
Au nom d'une femmeHélène Ségara
19%
Comme on a ditLouise Attaque
19%
EngelbergStephan Eicher
19%
Alertez les bébés !Jacques Higelin
16%
Voleur de FeuBernard Lavilliers
15%
Dans la jungle ou dans le zooJean Ferrat
15%
La OuacheMatmatah
15%
L’un pour l’autreMaurane
15%
RépressionTrust
15%
Unis vers l'uniMichel Jonasz
14%
Chaleur humaineChristine and the Queens
13%
Mobilis in mobileL' Affaire Louis' Trio
13%
Famille nombreuseLes Négresses vertes
13%
Quel EnferNiagara
13%
PokharaYannick Noah
13%
BoireMiossec
12%
Jours étrangesSaez
12%
Robots après toutKaterine
11%
Post-partumLes Innocents
10%
C'est l'printemps !Pierre Perret
10%
Pièce montée des grands joursThomas Fersen
10%
GibraltarAbd al Malik
9%
Et vous, tu m’aimes ?Brigitte
9%
Suppléments de mensongeHubert-Félix Thiéfaine
9%
Crève cœurDaniel Darc
8%
Petite AmieJuliette Armanet
8%
Les Piqûres d'araignéeVincent Delerm
8%
CureEddy de Pretto
7%
RougeFredericks Goldman Jones
7%
Viva BertagaBérurier Noir
5%
DolorèsJean-Louis Murat
5%
Du coq à l'âmeLynda Lemay
4%
Alors je chanteRika Zaraï
2%

Distribution des résultats

Percentile par nombre de réponses

% des personnes avec chaque résultat

Votre développement - résultats

Vous n’avez pas pris ce quiz